000 00612nam a2200193Ia 4500
003 OSt
005 20250130141325.0
008 210210b1990 xxu||||| |||| 00| 0 eng d
040 _cAL
041 _akan
082 _aK894.301 RAJH
100 _aRAJASHEKHARA NIRAMANVI
_9166503
_dರಾಜಶೇಖರ ನೀರಮಾನ್ವಿ
245 _aHanginaramaneya Horage:
_bಹಂಗಿನರಮನೆಯ ಹೊರಗೆ
260 _aBengaluru
_bKannada mattu Samskrati Nirdeshanalaya
_c1990
300 _axii,139
650 _aSanna kathegaluSanna Kathe
_9166504
690 _aKannada
_9166505
942 _2ddc
_cBK
999 _c94113
_d94113